Anything but Africa Quiz Stats

 Plays Quiz Updated Jul 2, 2018

Challenge
Share
Tweet
Embed
Score 0/180 Timer 02:00
8 Plays Today
% Correct
???
34.5%
???
34.4%
???
34.4%
???
34.3%
???
34.3%
???
34.3%
???
34.3%
???
34.3%
???
34.3%
???
34.3%
???
34.3%
???
34.3%
???
34.3%
???
34.2%
???
34.2%
???
34.2%
???
34.2%
???
34.2%
???
34.2%
???
34.2%
???
34.2%
???
34.1%
???
34.1%
???
34.1%
???
34.1%
???
34.1%
???
34.1%
???
34.1%
???
34.1%
???
34.1%
???
34.1%
???
34.1%
???
34%
???
34%
???
34%
???
34%
???
34%
???
34%
???
34%
???
34%
???
34%
???
34%
???
34%
???
34%
???
34%
???
34%
???
34%
???
34%
???
34%
???
33.9%
???
33.9%
???
34%
???
33.9%
???
33.9%
???
33.9%
???
33.9%
???
33.9%
???
33.9%
???
33.9%
???
33.9%
% Correct
???
33.9%
???
33.9%
???
33.9%
???
33.9%
???
33.9%
???
33.9%
???
33.9%
???
33.9%
???
33.8%
???
33.9%
???
33.8%
???
33.8%
???
33.8%
???
33.8%
???
33.8%
???
33.8%
???
33.8%
???
33.8%
???
33.8%
???
33.8%
???
33.7%
???
33.7%
???
33.7%
???
33.7%
???
33.7%
???
33.7%
???
33.7%
???
33.7%
???
33.7%
???
33.7%
???
33.6%
???
33.6%
???
33.6%
???
33.5%
???
33.5%
???
33.5%
???
33.4%
???
33.4%
???
33.4%
???
33.4%
???
33.4%
???
33.4%
???
33.4%
???
33.3%
???
33.3%
???
33.3%
???
33.3%
???
33.3%
???
33.3%
???
33.3%
???
33.2%
???
33.2%
???
33.1%
???
33.1%
???
33%
???
33%
???
33%
???
33%
???
32.9%
???
32.8%
% Correct
???
32.8%
???
32.7%
???
32.7%
???
32.7%
???
32.7%
???
32.7%
???
32.6%
???
32.6%
???
32.5%
???
32.5%
???
32.5%
???
32.4%
???
32.3%
???
32.3%
???
32.2%
???
32.1%
???
31.9%
???
31.8%
???
31.8%
???
31.8%
???
31.7%
???
31.7%
???
31.6%
???
31.6%
???
31.5%
???
31.4%
???
31.2%
???
31.1%
???
31.2%
???
31.1%
???
31.1%
???
31.1%
???
31.1%
???
31%
???
30.5%
???
30.5%
???
30.5%
???
30.1%
???
30%
???
30%
???
29.9%
???
29.8%
???
29.6%
???
29.4%
???
29.3%
???
29.2%
???
29%
???
28.9%
???
28.7%
???
28.4%
???
28.3%
???
27.8%
???
27.4%
???
27.2%
???
26.5%
???
24.7%
???
23.6%
???
23.4%
???
22.7%
???
18.2%

You're not logged in!

Compare scores with friends on all Sporcle quizzes.
OR
Log In

You Might Also Like...

Show Comments

Extras

Top Quizzes Today


Score Distribution

Your Account Isn't Verified!

In order to create a playlist on Sporcle, you need to verify the email address you used during registration. Go to your Sporcle Settings to finish the process.

Report this User

Report this user for behavior that violates our Community Guidelines.

Details: